Statistics for Flags by Defining Features #2

Click here to take the quiz!

General Stats

  • This quiz has been taken 15 times
  • The average score is 12 of 16

Answer Stats

Answer% Correct
Cape Verde
92%
Central African Republic
92%
Equatorial Guinea
92%
Libya
92%
Mauritania
92%
South Africa
85%
Malawi
77%
Niger
77%
São Tomé and Príncipe
77%
Seychelles
77%
Namibia
69%
Burundi
62%
Ceuta (Spanish Dependency)
62%
Rwanda
62%
Zambia
62%
Benin
23%

Score Distribution

Percentile by Number Answered

Percent of People with Each Score

Your Score History

You have not taken this quiz